000
00296nam a2200133Ia 4500
100
_a
Higdon/A/Stiles/W.B
942
_c
BK
654
_a
Mechanics
245
_a
Engineering Mechanics
260
_b
Prentice Hall of India
_a
NewDelhi
_c
1975
082
_a
620.1
300
_a
742
546
_a
ENGLISH
999
_c
19010
_d
19010